Návrh a implementácia portálu pre cestovnú kanceláriu = Design and implementation of the web - portal for a travel agency

Gespeichert in:
Bibliographische Detailangaben
1. Verfasser: Boháček, Marek (Verfasst von)
Weitere Verfasser: Bezák, Pavol, 1977- (xxx)
Format: Manuskript Buch
Sprache:Slowakisch
Veröffentlicht: Trnava : STU v Bratislave MTF UIAM, 2007
Tags: Tag hinzufügen
Keine Tags, Fügen Sie das erste Tag hinzu!

MARC

LEADER 00000ntm a22000003a 4500
001 stu149915
005 20160719155723.3
008 071120s2007----xo------------------slo-d
040 |a STU  |b slo 
041 0 |a slo 
044 |a xo 
100 1 |a Boháček, Marek  |4 aut 
245 1 |a Návrh a implementácia portálu pre cestovnú kanceláriu = Design and implementation of the web - portal for a travel agency 
260 |a Trnava :  |b STU v Bratislave MTF UIAM,  |c 2007 
300 |a 54 s  |c 1 CD-ROM 
500 |a Program: Aplikovaná informatika a automatizácia v priemysle 
700 1 |a Bezák, Pavol,  |d 1977-  |4 xxx  |u M6000  |U MTF Materiálovotechnologická fakulta  |T MTF Ústav aplikovanej informatiky, automatizácie a matematiky  |X 2805  |U M6000  |Y 86  |7 A000002805 
996 |b 284M066791  |c M*BP-2925  |l MMSKP  |s P  |a 0  |w stu149915_0001